000
00320nam a22001337a 4500
008
180316b xxu||||| |||| 00| 0 eng d
020
_a
9780321079954
041
_a
eng
080
_a
.37
100
_a
25
101
_a
edu
245
_a
a guide to teaching the craft of argument
_c
williams.j.m
942
_2
udc
_c
BK
999
_c
45235
_d
45235